000 00408nam a2200169Ia 4500
001 1793
003 IN-NITTTR
005 20251114232920.0
008 251113s9999||||xx |||||||||||||| ||eng||
040 _beng
040 _cIN-NITTTR
041 _aeng
082 _a620.192 P176P
100 _aPlain, G. R.
245 0 _aPlastics for engineers :
_b an introductory course. /
_cPlain, G. R.
942 _2ddc
_cBK
999 _c2553
_d2553